000 00906nam a2200277 i 4500
003 DO-SdBNP
005 20260211133220.0
007 ta
008 221003b2006 dr ||||| |||| 00| 0 spa d
020 _a9993455954
040 _aDO-SdBNP
_bspa
_cBNPHU
_erda
041 _aspa
082 4 _a920.07293
_bP467d 2006
_222
100 1 _aMolina Morillo, Rafael,
_d1930-1917
_eautor
_4aut.
_937
245 1 0 _aPersonalidades dominicanas 2006 /
_cRafael Molina Morillo.
250 _aTercera edición
264 4 _aSanto Domingo, República Dominicana :
_bEditora Corripio,
_c©2006.
300 _a955 páginas ;
_c23 cm.
336 _atexto
_btxt
_2rdacontent
337 _asin mediación
_bn
_2rdamedia
338 _avolumen
_bnc
_2rdacarrier
590 _aInventariado, 2022/BT
651 4 _aRepública Dominicana
_vBiografías
_91083
910 _aBtavárez/Validado. Control de calidad MFF
942 _2ddc
_cLBS1
999 _c52513
_d52513